Catálogo

MANUAL DE LA ATENCION DE SALUD MENTAL : (Registro nro. 19638)

Detalles MARC
000 -LEADER
fixed length control field 00530nam a2200193 a 4500
001 - CONTROL NUMBER
control field 19638
005 - DATE AND TIME OF LATEST TRANSACTION
control field 20180713213111.0
008 - FIXED-LENGTH DATA ELEMENTS--GENERAL INFORMATION
fixed length control field 140415s1989 mx 000 0 spa d
020 ## - INTERNATIONAL STANDARD BOOK NUMBER
International Standard Book Number 9686199896
041 ## - LANGUAGE CODE
Language code of text/sound track or separate title spa
082 ## - DEWEY DECIMAL CLASSIFICATION NUMBER
Classification number 616.8527
Item number COH
100 1# - MAIN ENTRY--PERSONAL NAME
Personal name COHEN, RAQUEL E.
245 10 - TITLE STATEMENT
Title MANUAL DE LA ATENCION DE SALUD MENTAL :
Remainder of title PARA VICTIMAS DE DESASTRES
250 ## - EDITION STATEMENT
Edition statement 1a ed.
260 ## - PUBLICATION, DISTRIBUTION, ETC.
Place of publication, distribution, etc. MEXICO :
Name of publisher, distributor, etc. HARLA,
Date of publication, distribution, etc. 1989
300 ## - PHYSICAL DESCRIPTION
Extent 126
650 14 - SUBJECT ADDED ENTRY--TOPICAL TERM
Topical term or geographic name entry element DEPRESION MENTAL
700 1# - ADDED ENTRY--PERSONAL NAME
Personal name AHEARN, FREDERICK L.
Relator term coaut.
Existencias
Withdrawn status Lost status Source of classification or shelving scheme Damaged status Not for loan Collection code Home library Current library Shelving location Date acquired Source of acquisition Inventory number Total Checkouts Full call number Barcode Date last seen Date last checked out Price effective from Koha item type
    Dewey Decimal Classification     General Biblioteca Karol Wojtyla Biblioteca Karol Wojtyla Sala general 03/12/2013 Compra 151000000000000000001949   616.8527 COH 39188 05/01/2026 21/08/2015 03/12/2013 Libro